Library Banner

Buddhist and Freudian psychology / (Record no. 112576)

MARC details
000 -LEADER
fixed length control field 00618nam a2200217 a 4500
001 - CONTROL NUMBER
control field 2048373
005 - DATE AND TIME OF LATEST TRANSACTION
control field 20190520103214.0
008 - FIXED-LENGTH DATA ELEMENTS--GENERAL INFORMATION
fixed length control field 930504s1992 si b f001 0 eng
020 ## - INTERNATIONAL STANDARD BOOK NUMBER
International Standard Book Number 033377910x
040 ## - CATALOGING SOURCE
Transcribing agency PK-LaUMT
082 00 - DEWEY DECIMAL CLASSIFICATION NUMBER
Classification number 294.342
Edition number 20
Item number DES-I
100 1# - MAIN ENTRY--PERSONAL NAME
Personal name De Silva, Padmasiri
245 10 - TITLE STATEMENT
Title Buddhist and Freudian psychology /
Statement of responsibility, etc Padmasiri De Silva
250 ## - EDITION STATEMENT
Edition statement 3rd ed.
260 ## - PUBLICATION, DISTRIBUTION, ETC. (IMPRINT)
Place of publication, distribution, etc Lanham :
Name of publisher, distributor, etc Rowman & Littlefield Publishers,
Date of publication, distribution, etc 2000
300 ## - PHYSICAL DESCRIPTION
Extent 166 p. ;
Dimensions 21 cm.
650 #0 - SUBJECT ADDED ENTRY--TOPICAL TERM
Topical term or geographic name as entry element Psychoanalysis and religion.
650 #0 - SUBJECT ADDED ENTRY--TOPICAL TERM
Topical term or geographic name as entry element Buddhism
General subdivision Psychology.
700 1# - ADDED ENTRY--PERSONAL NAME
Personal name Thouless, Robert Henry,
942 ## - ADDED ENTRY ELEMENTS (KOHA)
Koha item type Books
Holdings
Withdrawn status Lost status Damaged status Home library Current library Date acquired Full call number Barcode Date last seen Price effective from Koha item type
      UMT Main Campus UMT Main Campus 2019-05-20 294.342 DES-I 129849 2019-05-20 2019-05-20 Books